000 00281nam a2200109Ia 4500
001 1272385
005 20260417151427.0
008 260417s9999 xx 000 0 und d
020 _a9786257587587
245 0 _aÜzüntü İçin Bir Sığınak
_cAnne Booth
260 _bKetebe Çocuk
999 _c1272385
_d1272385